[Event "Oldie Master Turnier"]
[Site "?"]
[Date "2006.06.17"]
[Round "1.1"]
[White "Sensory 9, Fidelity"]
[Black "Prodigy Destiny"]
[Result "0-1"]
[WhiteElo "1570"]
[BlackElo "1570"]
[Annotator "Bernhard Lederwasch"]
[PlyCount "106"]
[EventDate "2006.06.17"]
[SourceDate "2006.06.17"]

1. e4 e6 2. d4 d5 3. Nc3 Bb4 4. e5 c5 5. a3 Bxc3+ 6. bxc3 cxd4 7. cxd4 Ne7 8.
Bb5+ Bd7 9. Bxd7+ Nxd7 10. Rb1 Qc7 11. Nf3 Rc8 12. O-O b6 13. Rb2 Qc6 14. Bg5
Nf5 15. Qe1 f6 16. exf6 Nxf6 17. Bxf6 gxf6 18. Qb4 Qc4 19. Qxc4 Rxc4 20. Rd1
Kd7 21. g4 Rg8 22. h3 h5 23. Kh2 hxg4 24. hxg4 Rxg4 25. Rb4 Rxc2 26. Kh3 Rg7
27. Ra4 Rxf2 28. Rxa7+ Kd6 29. Rxg7 Rxf3+ 30. Kg2 Rxa3 31. Rf7 Ne3+ 32. Kg1
Nxd1 33. Rb7 Ra6 34. Rh7 b5 35. Rh3 b4 36. Rb3 Ra4 37. Rh3 e5 38. Rh6 Ke7 39.
Rh3 exd4 40. Rg3 Nc3 41. Rg4 d3 42. Rg7+ Ke6 43. Rg2 Ne4 44. Kh2 d2 45. Rg1 Nc3
46. Kh3 b3 47. Rf1 d4 48. Kg2 d1=Q 49. Rxd1 Nxd1 50. Kf1 b2 51. Ke2 b1=Q 52.
Ke1 Ra2 53. Kf1 Nc3# 0-1

[Event "Oldie Master Turnier"]
[Site "?"]
[Date "2006.06.17"]
[Round "1.2"]
[White "Mephisto II (Brikett)"]
[Black "Chess 2001, CXG."]
[Result "0-1"]
[WhiteElo "1520"]
[BlackElo "1550"]
[Annotator "Bernhard Lederwasch"]
[PlyCount "138"]
[EventDate "2006.06.17"]
[SourceDate "2006.06.17"]

1. e4 c5 2. Nc3 Nc6 3. f4 e6 4. Nf3 d5 5. Bb5 Nge7 6. exd5 exd5 7. O-O a6 8.
Be2 d4 9. Ne4 Ng6 10. d3 Be7 11. c3 dxc3 12. bxc3 f5 13. Neg5 h6 14. Nh3 Be6
15. d4 cxd4 16. cxd4 O-O 17. Be3 Qd5 18. Re1 Rac8 19. Nf2 Nb4 20. Bd3 Nxa2 21.
Kh1 Nb4 22. Rc1 Nxd3 23. Nxd3 Kh7 24. Ng5+ Bxg5 25. Rxc8 Bxc8 26. fxg5 f4 27.
Bf2 Bh3 28. Rg1 Be6 29. Nc5 b6 30. Nxe6 Qxe6 31. gxh6 Kxh6 32. Qd3 b5 33. Qa3
Qe2 34. Qh3+ Kg5 35. Qf3 Qxf3 36. gxf3+ Kf5 37. Rb1 Rc8 38. Kg2 Rc2 39. Kf1 Ke6
40. Re1+ Kd5 41. h4 b4 42. h5 Nf8 43. Re5+ Kc4 44. Re4 Rc3 45. Kg2 a5 46. Rxf4
Ne6 47. Re4 Ng5 48. Re5 Nf7 49. Rxa5 Nd6 50. Rg5 Ne8 51. Rc5+ Kd3 52. Re5 Nf6
53. Kg3 b3 54. Rf5 b2 55. Rb5 Kc2 56. Be1 Rb3 57. Rc5+ Kd3 58. Rg5 b1=Q 59. Bf2
Qh1 60. h6 Kd2 61. Rf5 Ne4+ 62. Kf4 Nxf2 63. hxg7 Qxf3+ 64. Ke5 Rb5+ 65. Kd6
Ne4+ 66. Kc6 Rxf5 67. Kd7 Rf7+ 68. Kc6 Qb3 69. g8=Q Qb7# 0-1

[Event "Oldie Master Turnier"]
[Site "?"]
[Date "2006.06.18"]
[Round "1.3"]
[White "Chess-Master Diamond, RFT."]
[Black "MGS Morphy Edition, Chafitz"]
[Result "0-1"]
[WhiteElo "1450"]
[BlackElo "1500"]
[Annotator "Bernhard Lederwasch"]
[PlyCount "40"]
[EventDate "2006.06.17"]
[SourceDate "2006.06.17"]

1. e4 e5 2. Bc4 Bc5 3. Nc3 Nc6 4. Nf3 Nf6 5. O-O d6 6. d3 O-O 7. Bg5 Bg4 8. h3
Bxf3 9. gxf3 Nd4 10. Be3 Qd7 11. Kg2 c6 12. a4 Rae8 13. Ne2 d5 14. c3 Nxe2 15.
Qxe2 Bxe3 16. Qxe3 dxc4 17. dxc4 Nh5 18. Qxa7 Nf4+ 19. Kg1 Qxh3 20. Qxb7 Qg2#
0-1

[Event "Oldie Master Turnier"]
[Site "?"]
[Date "2006.06.18"]
[Round "1.4"]
[White "MB Bradley Phantom"]
[Black "CC Champion, Fidelity"]
[Result "0-1"]
[WhiteElo "1500"]
[BlackElo "1550"]
[Annotator "Bernhard Lederwasch"]
[PlyCount "82"]
[EventDate "2006.06.17"]
[SourceDate "2006.06.17"]

1. e4 e5 2. Nf3 Nc6 3. d4 exd4 4. Nxd4 Bc5 5. Nxc6 Qf6 6. Be3 Bxe3 7. fxe3 Qxb2
8. Qd4 Qc1+ 9. Kf2 Qxc2+ 10. Kg3 Qxc6 11. Qxg7 Qf6 12. Qxf6 Nxf6 13. e5 Rg8+
14. Kf3 Ng4 15. Nc3 Nxe5+ 16. Kf2 b6 17. Nd5 Kd8 18. Rc1 Bb7 19. e4 Bxd5 20.
exd5 c5 21. Be2 Kc7 22. d6+ Kxd6 23. Rhd1+ Kc6 24. h3 d5 25. Rc3 c4 26. Re3
Rae8 27. g4 Kc5 28. Rb1 d4 29. Re4 d3 30. Bf1 d2 31. a4 c3 32. Rb5+ Kd6 33.
Rd4+ Ke6 34. Rbd5 Kf6 35. Rf4+ Ke6 36. Rfd4 Rc8 37. Rd6+ Ke7 38. Ke3 c2 39.
Rd7+ Nxd7 40. Re4+ Kd8 41. Re8+ Rxe8+ 0-1

[Event "Oldie Master Turnier"]
[Site "?"]
[Date "2006.06.18"]
[Round "1.5"]
[White "Conchess"]
[Black "Constellation 2 Mhz, Novag"]
[Result "0-1"]
[WhiteElo "1600"]
[BlackElo "1597"]
[Annotator "Bernhard Lederwasch"]
[PlyCount "46"]
[EventDate "2006.06.17"]
[SourceDate "2006.06.17"]

1. e4 e5 2. Nf3 Nc6 3. d4 exd4 4. Nxd4 Bc5 5. Be3 Qf6 6. c3 Nge7 7. Nxc6 Bxe3
8. fxe3 Nxc6 9. Nd2 Qh4+ 10. g3 Qg5 11. Nc4 O-O 12. Bg2 d6 13. Qd5 Ne5 14. Nxe5
dxe5 15. Qc5 b6 16. Qxc7 Qxe3+ 17. Kf1 Ba6+ 18. c4 Rfc8 19. Qxc8+ Rxc8 20. b3
Rxc4 21. Bf3 Rc2+ 22. Be2 Qxe2+ 23. Kg1 Qf2# 0-1

[Event "Oldie Master Turnier"]
[Site "?"]
[Date "2006.06.18"]
[Round "1.6"]
[White "Mark V, Scisys"]
[Black "Sensory 12, Fidelity"]
[Result "0-1"]
[WhiteElo "1530"]
[BlackElo "1680"]
[Annotator "Bernhard Lederwasch"]
[PlyCount "70"]
[EventDate "2006.06.17"]
[SourceDate "2006.06.17"]

1. e4 d6 2. d4 Nf6 3. Nc3 g6 4. Nf3 Bg7 5. e5 Nfd7 6. Bf4 Nc6 7. Qe2 Nxd4 8.
Nxd4 dxe5 9. Bxe5 Bxe5 10. O-O-O c5 11. Nf3 Bxc3 12. bxc3 Qa5 13. Qc4 Qa3+ 14.
Kb1 Nb6 15. Qd3 O-O 16. Ne5 Na4 17. Nc4 Nxc3+ 18. Qxc3 Qxc3 19. f4 Bg4 20. Rd5
Qe1+ 21. Kb2 Be6 22. Re5 Qb4+ 23. Ka1 Bxc4 24. Bxc4 Qxc4 25. Rxe7 Qxc2 26. Rxb7
Qxg2 27. Rbb1 Qd2 28. Rb7 Qxf4 29. Rb2 f5 30. Rd1 c4 31. Rd7 c3 32. Rb3 c2 33.
Rd2 Qe5+ 34. Rd4 Qxd4+ 35. Rb2 c1=Q# 0-1

[Event "Oldie Master Turnier"]
[Site "?"]
[Date "2006.06.19"]
[Round "1.7"]
[White "Constellation 3.6 Mhz, Novag"]
[Black "MK III, Novag"]
[Result "1-0"]
[WhiteElo "1648"]
[BlackElo "1375"]
[Annotator "Bernhard Lederwasch"]
[PlyCount "59"]
[EventDate "2006.06.17"]
[SourceDate "2006.06.17"]

1. e4 e5 2. Nf3 d5 3. exd5 Qxd5 4. Nc3 Qd6 5. d4 exd4 6. Nxd4 Nc6 7. Bb5 Qe5+
8. Be3 Bd7 9. O-O Nxd4 10. Bxd7+ Kxd7 11. Bxd4 Qd6 12. Nb5 Qe6 13. Bxg7+ Kc6
14. Nd4+ Kb6 15. Nxe6 Bxg7 16. Nxg7 Ne7 17. Qd4+ c5 18. Qd7 Rhg8 19. Qxe7 Rad8
20. Qxf7 Rgf8 21. Qb3+ Ka5 22. Ne6 b5 23. Qa3+ Kb6 24. Qxc5+ Ka6 25. Nxd8 Rxd8
26. Qc6+ Ka5 27. a4 Rb8 28. b4+ Kxb4 29. Rfb1+ Ka5 30. axb5# 1-0

[Event "Oldie Master Turnier"]
[Site "?"]
[Date "2006.06.19"]
[Round "1.8"]
[White "GGM Steinitz"]
[Black "Super Constellation, Novag"]
[Result "1-0"]
[WhiteElo "1580"]
[BlackElo "1731"]
[Annotator "Bernhard Lederwasch"]
[PlyCount "163"]
[EventDate "2006.06.17"]
[SourceDate "2006.06.17"]

1. d4 Nf6 2. c4 e6 3. Nc3 Bb4 4. Bg5 h6 5. Bh4 c5 6. d5 d6 7. Rc1 O-O 8. dxe6
Bxe6 9. Bxf6 Qxf6 10. Qxd6 Qg5 11. e3 Rd8 12. Qc7 b6 13. Nf3 Qf6 14. Be2 Bxc3+
15. Rxc3 Na6 16. Qe5 Qg6 17. O-O Nb4 18. a3 Na2 19. Nh4 Qh7 20. f4 Nxc3 21.
Qxc3 Rd6 22. f5 Bd7 23. Qe5 Rd2 24. Rd1 Rxd1+ 25. Bxd1 Re8 26. Qd5 Bc8 27. Ba4
Be6 28. Qd6 b5 29. Bxb5 Rc8 30. fxe6 Qb1+ 31. Kf2 Qxb2+ 32. Ke1 Qc3+ 33. Kd1
Qb3+ 34. Ke2 Qc2+ 35. Kf3 f5 36. Qd5 Qe4+ 37. Qxe4 fxe4+ 38. Kxe4 a6 39. Bxa6
Rc6 40. Bb7 Rxe6+ 41. Kd3 Kf8 42. a4 Rb6 43. Bc8 Rb3+ 44. Ke4 Ra3 45. Kd5 Rxa4
46. Kxc5 Ra2 47. Bb7 g5 48. Ng6+ Kg7 49. Ne5 Ra5+ 50. Kd4 Ra2 51. c5 Kf8 52.
Bd5 Rd2+ 53. Kc4 Ke7 54. c6 Rc2+ 55. Kd3 Rc5 56. e4 Rc1 57. g4 Ke8 58. Nc4 Rh1
59. e5 Rxh2 60. e6 Rh3+ 61. Ne3 Kd8 62. Kd4 Rh2 63. Nf5 Rb2 64. Nxh6 Rb1 65.
Nf7+ Kc7 66. Ke5 Re1+ 67. Kf6 Rf1+ 68. Kxg5 Re1 69. Kh4 Rd1 70. Be4 Re1 71. Ng5
Kd8 72. Bd5 Kc7 73. Bf3 Kd8 74. Be4 Ke7 75. Bd5 Rd1 76. Ne4 Re1 77. g5 Rg1 78.
Kh5 Rd1 79. Nf6 Kd6 80. g6 Rg1 81. c7 Kxc7 82. e7 1-0

[Event "Oldie Master Turnier"]
[Site "?"]
[Date "2006.06.20"]
[Round "1.9"]
[White "Mephisto III (Brikett)"]
[Black "CC Sensory Voice, Fidelity"]
[Result "1-0"]
[WhiteElo "1464"]
[BlackElo "1394"]
[Annotator "Bernhard Lederwasch"]
[PlyCount "91"]
[EventDate "2006.06.17"]
[SourceDate "2006.06.17"]

1. d4 d5 2. Nf3 Nf6 3. Bg5 e6 4. c4 Bb4+ 5. Nc3 Bxc3+ 6. bxc3 h6 7. Bxf6 Qxf6
8. e3 O-O 9. Bd3 Nc6 10. cxd5 exd5 11. Rb1 b6 12. Rb5 Rd8 13. e4 dxe4 14. Bxe4
Bg4 15. O-O Qe6 16. Qc2 Bxf3 17. Bxf3 Qc4 18. Qb3 Qxb3 19. axb3 Rd6 20. Re1 a6
21. Rf5 Rad8 22. Rh5 Na5 23. b4 Nc4 24. Be2 Re8 25. f4 Nd2 26. Re5 Ra8 27. Rd1
f6 28. Re3 g5 29. fxg5 Kh8 30. gxh6 Nb3 31. Bc4 Nxd4 32. Rxd4 Rxd4 33. cxd4 a5
34. b5 a4 35. Kf2 a3 36. Ba2 Ra4 37. d5 Kh7 38. Re7+ Kxh6 39. Rxc7 Ra5 40. d6
Rxb5 41. Ke3 Rb2 42. d7 Rxg2 43. d8=Q Rxa2 44. Qxf6+ Kh5 45. Rh7+ Kg4 46. Qg6#
1-0

[Event "Oldie Master Turnier"]
[Site "?"]
[Date "2006.06.21"]
[Round "2.1"]
[White "Chess 2001, CXG."]
[Black "GGM Steinitz"]
[Result "1-0"]
[WhiteElo "1550"]
[BlackElo "1580"]
[Annotator "Bernhard Lederwasch"]
[PlyCount "69"]
[EventDate "2006.06.17"]
[SourceDate "2006.06.17"]

1. Nf3 d5 2. c4 c6 3. b3 Bf5 4. d3 dxc4 5. bxc4 Nf6 6. Nc3 Qa5 7. Qb3 Nbd7 8.
e4 Bg4 9. Be2 e5 10. Bd2 Bb4 11. Rb1 Bxf3 12. gxf3 c5 13. a3 Bxc3 14. Bxc3 Qb6
15. Qc2 Qc7 16. Qb2 b6 17. Rg1 Kf8 18. Qd2 g6 19. Qh6+ Kg8 20. f4 Re8 21. fxe5
Nxe5 22. f4 Ned7 23. e5 Qc6 24. exf6 Nxf6 25. Qg5 Re6 26. f5 h6 27. Qd2 Re8 28.
fxg6 Kg7 29. gxf7+ Kxf7 30. Bxf6 Kxf6 31. Qf4+ Ke7 32. Rg7+ Kd8 33. Qb8+ Qc8
34. Qd6+ Qd7 35. Qxd7# 1-0

[Event "Oldie Master Turnier"]
[Site "?"]
[Date "2006.06.22"]
[Round "2.2"]
[White "Sensory 12, Fidelity"]
[Black "Mephisto III (Brikett)"]
[Result "1-0"]
[WhiteElo "1680"]
[BlackElo "1464"]
[Annotator "Bernhard Lederwasch"]
[PlyCount "77"]
[EventDate "2006.06.17"]
[SourceDate "2006.06.17"]

1. b4 Nf6 2. Nf3 e5 3. Nxe5 Bxb4 4. c3 Be7 5. e3 O-O 6. d4 d6 7. Nf3 Nc6 8. Bd3
Bg4 9. O-O d5 10. Nbd2 Re8 11. Rb1 b6 12. h3 Bh5 13. Qa4 Qd7 14. Bb5 Bxf3 15.
Bxc6 Qf5 16. gxf3 Qxh3 17. Bxa8 Rxa8 18. Ba3 Bxa3 19. Qxa3 a5 20. Qe7 Rc8 21.
Qe5 h6 22. Qh2 Qd7 23. Kh1 h5 24. Rg1 Qf5 25. Qg3 g6 26. Qe5 Qxe5 27. dxe5 Nd7
28. e6 fxe6 29. Rxg6+ Kf7 30. Rbg1 e5 31. f4 h4 32. Rg7+ Ke8 33. fxe5 c6 34.
Rh7 Kd8 35. e6 Nf6 36. Rf7 h3 37. Rf8+ Ne8 38. Rg7 Rc7 39. Rxe8+ 1-0

[Event "Oldie Master Turnier"]
[Site "?"]
[Date "2006.06.22"]
[Round "2.3"]
[White "Constellation 2 Mhz, Novag"]
[Black "Constellation 3.6 Mhz, Novag"]
[Result "1/2-1/2"]
[WhiteElo "1597"]
[BlackElo "1648"]
[Annotator "Bernhard Lederwasch"]
[PlyCount "140"]
[EventDate "2006.06.17"]
[SourceDate "2006.06.17"]

1. e4 c5 2. c3 d5 3. exd5 Qxd5 4. d4 e6 5. Nf3 Nf6 6. Bd3 Nc6 7. Bc2 cxd4 8.
cxd4 Bb4+ 9. Nc3 Bxc3+ 10. bxc3 Qa5 11. Bd2 O-O 12. Qe2 Rd8 13. O-O b6 14. Rfe1
Bb7 15. Ne5 Nxe5 16. Qxe5 Qxe5 17. Rxe5 Rac8 18. Rd1 Nd5 19. Rc1 b5 20. Be4 Rd6
21. Bf3 Bc6 22. g3 Rcd8 23. Bg2 Rc8 24. Re2 a6 25. c4 bxc4 26. Rxc4 Rb8 27. Rc2
Rb1+ 28. Re1 Rxe1+ 29. Bxe1 f6 30. Bxd5 Bxd5 31. Rc8+ Kf7 32. Rc7+ Kg6 33. Bb4
Rc6 34. Rxc6 Bxc6 35. f4 Bd5 36. a3 Kf5 37. Bf8 Kg6 38. Kf2 Kf7 39. Bc5 Bc6 40.
h3 Bb7 41. g4 Be4 42. Ke3 Bg2 43. h4 Bb7 44. Bb4 Kg6 45. g5 Bc6 46. Bc3 fxg5
47. fxg5 Kf5 48. Bb4 Kg4 49. Be1 Bg2 50. Bf2 Kf5 51. Bg3 Kg4 52. Be1 Bc6 53.
Bf2 Bg2 54. Kd3 Kf3 55. Be1 Bf1+ 56. Kc3 Ke4 57. Bg3 Kf3 58. Be5 g6 59. Kb4 Kg4
60. Bg7 Kxh4 61. Bf6 Kg4 62. Kc5 Kf5 63. Be7 Bg2 64. Kd6 Bf3 65. Kc5 Bd5 66.
Kd6 Bg2 67. Kc5 Bf3 68. Kd6 Bb7 69. Kc7 Bf3 70. Kd6 Bd5 1/2-1/2

[Event "Oldie Master Turnier"]
[Site "?"]
[Date "2006.06.23"]
[Round "2.4"]
[White "CC Champion, Fidelity"]
[Black "Prodigy Destiny"]
[Result "0-1"]
[WhiteElo "1550"]
[BlackElo "1570"]
[Annotator "Bernhard Lederwasch"]
[PlyCount "86"]
[EventDate "2006.06.17"]
[SourceDate "2006.06.17"]

1. e4 e6 2. d4 d5 3. Nc3 Bb4 4. e5 c5 5. a3 Bxc3+ 6. bxc3 cxd4 7. cxd4 Ne7 8.
Bd3 Nbc6 9. Nf3 O-O 10. O-O Bd7 11. Rb1 Rb8 12. Bd2 b6 13. c3 Re8 14. Qc2 Ng6
15. Bxg6 hxg6 16. Bg5 Qc7 17. Rfe1 Rbc8 18. Qe2 Ne7 19. Bxe7 Rxe7 20. Qa6 f6
21. exf6 gxf6 22. Qd3 Be8 23. Rbc1 Qd6 24. Qa6 Rc4 25. Kf1 Rec7 26. Nd2 Rxc3
27. Rxc3 Rxc3 28. Qxa7 Rxa3 29. Rxe6 Bb5+ 30. Nc4 Bxc4+ 31. Kg1 Rxa7 32. Re8+
Kf7 33. Re1 Qf4 34. g3 Qxd4 35. h3 Ra3 36. Re3 Rxe3 37. fxe3 Qxe3+ 38. Kg2 d4
39. h4 d3 40. h5 gxh5 41. Kh2 d2 42. Kh3 Qf2 43. Kh4 Qh2# 0-1

[Event "Oldie Master Turnier"]
[Site "?"]
[Date "2006.06.23"]
[Round "2.5"]
[White "MGS Morphy Edition, Chafitz"]
[Black "MB Bradley Phantom"]
[Result "1-0"]
[WhiteElo "1500"]
[BlackElo "1500"]
[Annotator "Bernhard Lederwasch"]
[PlyCount "115"]
[EventDate "2006.06.17"]
[SourceDate "2006.06.17"]

1. e4 Nf6 2. Nc3 Nc6 3. Nf3 e5 4. Bb5 Bd6 5. O-O Nd4 6. Bc4 O-O 7. d3 Ne6 8.
Be3 Ng4 9. Bd2 Nf4 10. Bxf4 exf4 11. d4 Re8 12. Qd2 g5 13. e5 Be7 14. Rae1 Bb4
15. a3 Bxc3 16. Qxc3 d5 17. Bb5 Re6 18. b3 Rg6 19. Bd3 Rh6 20. Qb4 a5 21. Qb5
c6 22. Qc5 b6 23. Qc3 Bb7 24. h3 Bc8 25. hxg4 Bxg4 26. Nd2 Qf8 27. f3 Bd7 28.
a4 Qg7 29. Re2 Rc8 30. Rfe1 Re8 31. b4 axb4 32. Qxb4 c5 33. dxc5 bxc5 34. Qxc5
Bxa4 35. Qxd5 Bc6 36. Qd4 Ra8 37. Ne4 Bxe4 38. Qxe4 Rc8 39. Qd4 Re8 40. Bf5 Rb8
41. c4 Ra8 42. Rd2 Rb8 43. c5 Rf8 44. Ree2 Re8 45. c6 Rb8 46. c7 Rh1+ 47. Kxh1
Re8 48. c8=Q Qh6+ 49. Kg1 Rxc8 50. Bxc8 Qg6 51. Qd8+ Kg7 52. Rd3 h6 53. e6 Qf6
54. Qxf6+ Kxf6 55. e7 h5 56. e8=Q h4 57. Qg8 g4 58. Rd6# 1-0

[Event "Oldie Master Turnier"]
[Site "?"]
[Date "2006.06.26"]
[Round "2.6"]
[White "Sensory 9, Fidelity"]
[Black "Conchess"]
[Result "1-0"]
[WhiteElo "1570"]
[BlackElo "1600"]
[Annotator "Bernhard Lederwasch"]
[PlyCount "59"]
[EventDate "2006.06.17"]
[SourceDate "2006.06.17"]

1. e4 e5 2. Nf3 Nc6 3. Bb5 Nd4 4. Nxd4 exd4 5. O-O Bc5 6. Qh5 Qe7 7. Qg4 Kf8 8.
Qf4 d6 9. d3 Nf6 10. Bd2 a6 11. Bc4 Be6 12. b4 Ba7 13. Na3 d5 14. Bb3 Rd8 15.
Rae1 Qd7 16. Qg5 dxe4 17. dxe4 Bxb3 18. axb3 d3 19. e5 h6 20. Qg3 Nh5 21. Qf3
dxc2 22. Bc1 Qe6 23. Qxh5 Qxb3 24. Qf5 Qxb4 25. Nxc2 Qa5 26. Rd1 Rxd1 27. Rxd1
g6 28. Rd8+ Kg7 29. Qf6+ Kh7 30. Rxh8# 1-0

[Event "Oldie Master Turnier"]
[Site "?"]
[Date "2006.06.25"]
[Round "2.7"]
[White "MK III, Novag"]
[Black "Mark V, Scisys"]
[Result "0-1"]
[WhiteElo "1375"]
[BlackElo "1530"]
[Annotator "Bernhard Lederwasch"]
[PlyCount "142"]
[EventDate "2006.06.17"]
[SourceDate "2006.06.17"]

1. d4 Nf6 2. Bf4 d5 3. Nc3 Bf5 4. Nf3 Nc6 5. e3 Qd7 6. Bd3 O-O-O 7. Bxf5 Qxf5
8. O-O e6 9. Qd3 Be7 10. Qxf5 exf5 11. a4 Nb4 12. Nb5 Nxc2 13. Nxa7+ Kb8 14.
Rac1 Kxa7 15. Rxc2 Bd6 16. Bxd6 cxd6 17. Rd1 Rc8 18. Rxc8 Rxc8 19. a5 b6 20.
axb6+ Kxb6 21. b4 Rc4 22. Rb1 Ne4 23. Nh4 Nc3 24. Ra1 f4 25. Nf5 fxe3 26. fxe3
Rxb4 27. Nxd6 f6 28. h4 Kc6 29. Nf5 g6 30. Ra3 Rb1+ 31. Kh2 Nb5 32. Ra6+ Kb7
33. Rxf6 gxf5 34. Rxf5 Kc6 35. g3 Nd6 36. Rf2 Re1 37. Rf3 Nc4 38. Rf6+ Kb5 39.
Rf7 Nxe3 40. Rxh7 Kc4 41. h5 Kxd4 42. h6 Kd3 43. Rg7 Re2+ 44. Kh3 Re1 45. Kh2
Nf5 46. Rg6 Ne7 47. Rf6 d4 48. h7 Ng6 49. Rxg6 Re2+ 50. Kh3 Re1 51. Kg2 Re2+
52. Kg1 Re1+ 53. Kf2 Re2+ 54. Kf3 Rh2 55. Rg7 Rh3 56. Re7 Kc3 57. Kf4 d3 58. g4
Rh4 59. Kf3 d2 60. Ke2 Rh2+ 61. Ke3 d1=Q 62. Rc7+ Kb3 63. Rb7+ Kc3 64. Rc7+ Kb2
65. Rb7+ Kc2 66. Rc7+ Kb3 67. Rb7+ Kc4 68. Kf4 Qd2+ 69. Ke4 Qd5+ 70. Ke3 Rh3+
71. Ke2 Qg2+ 0-1

[Event "Oldie Master Turnier"]
[Site "?"]
[Date "2006.06.25"]
[Round "2.8"]
[White "Super Constellation, Novag"]
[Black "Chess-Master Diamond, RFT."]
[Result "1-0"]
[WhiteElo "1731"]
[BlackElo "1450"]
[Annotator "Bernhard Lederwasch"]
[PlyCount "73"]
[EventDate "2006.06.17"]
[SourceDate "2006.06.17"]

1. d4 Nf6 2. c4 d6 3. Nc3 e5 4. dxe5 dxe5 5. Qxd8+ Kxd8 6. Bg5 Bb4 7. O-O-O+
Nbd7 8. e4 h6 9. Bxf6+ gxf6 10. Nd5 Bc5 11. Nf3 f5 12. Nxe5 Rf8 13. Nf6 Bd6 14.
Nexd7 Bxd7 15. Nxd7 Kxd7 16. e5 Rae8 17. exd6 cxd6 18. c5 Re6 19. Bb5+ Kc7 20.
cxd6+ Rxd6 21. Rxd6 Kxd6 22. Re1 Rc8+ 23. Kd2 Rc5 24. Bd3 Rd5 25. g3 b5 26. Re8
a5 27. Rd8+ Ke6 28. Rxd5 Kxd5 29. Bxb5 Ke6 30. Bc4+ Ke7 31. Ke3 Kf6 32. Kf4 a4
33. Bb5 a3 34. bxa3 Ke6 35. Bc4+ Kf6 36. a4 Kg6 37. a5 1-0

[Event "Oldie Master Turnier"]
[Site "?"]
[Date "2006.06.26"]
[Round "2.9"]
[White "CC Sensory Voice, Fidelity"]
[Black "Mephisto II (Brikett)"]
[Result "0-1"]
[WhiteElo "1394"]
[BlackElo "1520"]
[Annotator "Bernhard Lederwasch"]
[PlyCount "170"]
[EventDate "2006.06.17"]
[SourceDate "2006.06.17"]

1. d4 d5 2. Nf3 Nc6 3. Nc3 Bf5 4. Bg5 Nb4 5. Rc1 Nf6 6. Bxf6 exf6 7. e3 Be7 8.
Bb5+ c6 9. Be2 O-O 10. O-O Bd6 11. a3 Na6 12. Bd3 Qd7 13. Re1 Nc7 14. e4 Bg4
15. exd5 Nxd5 16. Nxd5 cxd5 17. c4 Bf4 18. Rc3 Rae8 19. Rxe8 Rxe8 20. Qc2 g6
21. Be2 Qe7 22. Bf1 Qd6 23. Qa4 Ra8 24. c5 Qc6 25. Bb5 Qe6 26. Qc2 Bxf3 27.
Rxf3 Qe1+ 28. Bf1 Bxh2+ 29. Kxh2 Qxf1 30. Rxf6 Rd8 31. g3 Qc4 32. Qxc4 dxc4 33.
Rd6 Rc8 34. Kg2 Kg7 35. Rd7 b6 36. Rxa7 bxc5 37. d5 Rd8 38. Ra4 Rxd5 39. Rxc4
Rd2 40. a4 Rxb2 41. Rxc5 Ra2 42. a5 f5 43. Kf3 h6 44. Ke3 Ra3+ 45. Kd4 Ra2 46.
f3 Ra3 47. Rc7+ Kf8 48. Rc8+ Kf7 49. Rc7+ Ke8 50. Rc8+ Kd7 51. Rc5 Rxf3 52.
Rd5+ Ke7 53. Re5+ Kf6 54. Re3 Rf1 55. Ra3 Rd1+ 56. Kc5 Rc1+ 57. Kd4 Rc7 58. a6
Ra7 59. Ra1 Kg5 60. Ra5 h5 61. Ra1 Kg4 62. Ra3 Kg5 63. Kd5 Kg4 64. Kd4 g5 65.
Kd5 h4 66. gxh4 gxh4 67. Ra1 h3 68. Ra2 f4 69. Kc6 f3 70. Ra4+ Kg3 71. Kb6 f2
72. Ra3+ Kg2 73. Ra2 h2 74. Rxf2+ Kxf2 75. Kxa7 h1=Q 76. Kb8 Qb1+ 77. Kc7 Qb5
78. a7 Qa6 79. Kb8 Qb6+ 80. Ka8 Qc6+ 81. Kb8 Qd6+ 82. Kb7 Qd5+ 83. Kc7 Ke3 84.
Kb6 Kd4 85. Ka6 Kc5 0-1

[Event "Oldie Master Turnier"]
[Site "?"]
[Date "2006.07.02"]
[Round "3"]
[White "MGS Morphy Edition, Chafitz"]
[Black "Chess 2001, CXG."]
[Result "1-0"]
[WhiteElo "1500"]
[BlackElo "1550"]
[Annotator "Bernhard Lederwasch"]
[PlyCount "111"]
[EventDate "2006.06.17"]
[SourceDate "2006.06.17"]

1. e4 e5 2. Nf3 Nf6 3. Nc3 Nc6 4. Bb5 Bc5 5. Bxc6 dxc6 6. d3 Bg4 7. O-O Qd6 8.
Qe2 O-O-O 9. Bd2 Kb8 10. Na4 Rhe8 11. Nxc5 Qxc5 12. Rfc1 Qb6 13. b4 Bxf3 14.
Qxf3 Rd7 15. Re1 Qd4 16. a4 Red8 17. Rab1 Rd6 18. Re3 h5 19. c3 Qb6 20. Qg3 g6
21. h3 Re8 22. Rbe1 Qa6 23. a5 Qb5 24. c4 Qa4 25. Bc3 Nd7 26. f4 Rde6 27. fxe5
Nxe5 28. c5 R6e7 29. Qf2 Rd7 30. d4 Nc4 31. Rf3 Ree7 32. Qe2 Qb5 33. e5 Re6 34.
Qf2 f5 35. exf6 Rxe1+ 36. Qxe1 Rd8 37. Qe4 Rg8 38. f7 Rc8 39. f8=Q b6 40. Qf6
bxa5 41. bxa5 Nxa5 42. Qexg6 Nc4 43. g3 h4 44. Qxh4 Kb7 45. Qhe4 Rd8 46. Rf1
Na3 47. Ra1 Qa4 48. Bb2 Rh8 49. Qge6 Rh5 50. Rxa3 Qd1+ 51. Kg2 Qd2+ 52. Qe2
Qxe2+ 53. Qxe2 Rh8 54. Qa6+ Kb8 55. Rb3+ Ka8 56. Qxc6# 1-0

[Event "Oldie Master Turnier"]
[Site "?"]
[Date "2006.07.02"]
[Round "3"]
[White "Prodigy Destiny"]
[Black "Sensory 12, Fidelity"]
[Result "0-1"]
[WhiteElo "1570"]
[BlackElo "1680"]
[Annotator "Bernhard Lederwasch"]
[PlyCount "68"]
[EventDate "2006.06.17"]
[SourceDate "2006.06.17"]

1. c4 Nf6 2. Nc3 d5 3. cxd5 Nxd5 4. e4 Nxc3 5. dxc3 Qxd1+ 6. Kxd1 Nc6 7. Nf3 e5
8. Bb5 Bd7 9. Bg5 f6 10. Be3 O-O-O 11. Kc2 Nb4+ 12. cxb4 Bxb5 13. Bxa7 Bd3+ 14.
Kc3 Bxe4 15. Rad1 Bd5 16. a4 e4 17. Nh4 g6 18. Rd4 f5 19. Rdd1 b6 20. a5 Be7
21. g3 Bxh4 22. gxh4 e3 23. Rhe1 exf2 24. Re5 Bc4 25. Rxd8+ Rxd8 26. Kxc4 f1=Q+
27. Kb3 Qd3+ 28. Ka4 Qa6 29. Bxb6 cxb6 30. Rb5 Rd1 31. Rc5+ bxc5 32. Kb3 Qd3+
33. Ka2 Qc2 34. bxc5 Qa4# 0-1

[Event "Oldie Master Turnier"]
[Site "?"]
[Date "2006.07.06"]
[Round "3"]
[White "Constellation 3.6 Mhz, Novag"]
[Black "Sensory 9, Fidelity"]
[Result "0-1"]
[WhiteElo "1648"]
[BlackElo "1570"]
[Annotator "Bernhard Lederwasch"]
[PlyCount "150"]
[EventDate "2006.06.17"]
[SourceDate "2006.06.17"]

1. c4 c5 2. Nc3 Nc6 3. g3 g6 4. Bg2 Bg7 5. d3 Bxc3+ 6. bxc3 Nf6 7. Bf4 e5 8.
Bd2 O-O 9. Nf3 e4 10. dxe4 Nxe4 11. O-O Re8 12. Be1 Qa5 13. Qc2 Qa6 14. Rd1
Qxc4 15. Nd2 Nxd2 16. Rxd2 d6 17. Bd5 Qa6 18. Qb3 Be6 19. e3 c4 20. Qb2 Bh3 21.
Bg2 Bxg2 22. Kxg2 Ne5 23. Rd4 Rad8 24. Qd2 Qc6+ 25. e4 Nd3 26. f3 d5 27. exd5
Rxd5 28. Rxd5 Qxd5 29. Bf2 b6 30. Rd1 Qe5 31. Kf1 Qf5 32. Kg2 Nxf2 33. Qxf2 Qe5
34. Rd7 Re7 35. Rd4 Qe2 36. Rd8+ Kg7 37. Rd4 a6 38. Rd2 Qe1 39. h3 f6 40. Qxe1
Rxe1 41. Rd7+ Kg8 42. Rd8+ Kf7 43. Kf2 Rc1 44. Rd7+ Ke8 45. Rxh7 Rc2+ 46. Ke3
Rxc3+ 47. Ke4 f5+ 48. Kf4 Ra3 49. Rg7 c3 50. Rxg6 c2 51. Rc6 Rxa2 52. Rc3 b5
53. Kxf5 b4 54. Rc7 b3 55. Ke6 Kd8 56. Kd6 Ra1 57. Rd7+ Kc8 58. Rc7+ Kb8 59.
Rc6 c1=Q 60. Rb6+ Ka7 61. Rxb3 Qd1+ 62. Ke5 Qxb3 63. Ke4 Ra4+ 64. Ke5 Qe3+ 65.
Kf6 Qxf3+ 66. Kg6 a5 67. g4 Kb6 68. g5 Rh4 69. Kg7 a4 70. g6 a3 71. Kg8 a2 72.
g7 Qd5+ 73. Kf8 Rf4+ 74. Ke7 Rf7+ 75. Ke8 Qd7# 0-1